000 01344nam a22003617a 4500
003 CHAP
005 20220817044148.0
008 070430d2002 it ad rn 00110 fre d
010 _a93581
011 _a94553
020 _a9252047247
035 _a105148
040 _cCHAP
090 _aFolleto 16573f
110 2 _aFAO
245 1 0 _aDirectives sur les normes relatives au matériel agricole d'application de pesticides et aux méthodes d'essai
_c/par FAO
260 _aRome :
_bFAO,
_c2002.
300 _av. :
_bgráfs. ; diag. ; tablas
500 _aLa biblioteca tiene: v.1 Pulvérisateurs portatifs (portés par l'opérateur). -- v.2 Pulvérisateurs tractés, portés et traînés
590 _aBATCH-UPD
_b10
_c20130110
_lUCH01
_h0248
590 _aBATCH-UPD
_b10
_c20130110
_lUCH01
_h1939
590 _aBATCH-UPD
_b10
_c20130410
_lUCH01
_h1303
590 _aBATCH-UPD
_b10
_c20130914
_lUCH01
_h0422
590 _aCONVERSION
_b10
_c20130109
_lUCH01
_h1352
650 1 4 _aAspersores.
_98126
650 1 4 _aPesticidas
_xAplicación.
_987539
650 1 4 _aPulverizadores.
_993020
901 _aBK
905 _aMarco A. Mendoza T.
942 _cFOLL
949 _aFolleto 16573f
_bBC
_cFAO
_d33724002030868
_eFAO1
_f(2002) v.2
_gDonaciØn
_i105148
_sb
949 _aFolleto 16573f
_bBC
_cFAO
_d33724002030876
_eFAO1
_f(2002) v.1
_gDonaciØn
_i105148
_sb
999 _c93581
_d93581